Manuela Saenz : (Record no. 6018)

000 -CABECERA
fixed length control field 00843nam a22002297a 4500
003 - IDENTIFICADOR DEL NÚMERO DE CONTROL
control field AR-CdUCM
008 - DATOS DE LONGITUD FIJA--INFORMACIÓN GENERAL
fixed length control field 190313b ||||| |||| 00| 0 spa d
040 ## - FUENTE DE LA CATALOGACIÓN
Agencia/entidad que catalogó originalmente la obra MUNICIPALIDAD PROVINCIAL DEL CUSCO
Entidad que transcribió la catalogación BIBLIOTECA MUNICIPAL DEL CUSCO
082 ## - NÚMERO DE LA CLASIFICACIÓN DECIMAL DEWEY
No. de Clasificación 986.2 /
Notacion interna R936
100 ## - ENTRADA PRINCIPAL--NOMBRE DE PERSONA
Nombre Personal Rumazo G, Alfonso
245 ## - MENCIÓN DE TÍTULO
Título Manuela Saenz :
Resto del título La libertadora del libertador /
260 ## - PUBLICACIÓN, DISTRIBUCIÓN, ETC.
Lugar de publicación, distribución, etc. Guayaquil :
Nombre de la editorial, distribuidor, etc. Ariel,
300 ## - DESCRIPCIÓN FÍSICA
Nº de Páginas Extensión 201 paginas ;
Dimensiones 19 cm.
440 ## - MENCIÓN DE SERIE/PUNTO DE ACCESO ADICIONAL--TÍTULO
Título Clasicos Ariel
Número de la parte/sección de una obra 32
9 (RLIN) 17592
505 ## - NOTA DE CONTENIDO CON FORMATO
Nota de contenido formateada Contenido : Primera parte : "Impresiones de la niñez" -- Segunda parte : "Una caballereza del sol" -- Tercera parte : "De pichincha a Ayacucho" ...
650 ## - PUNTO DE ACCESO ADICIONAL DE MATERIA--TÉRMINO DE MATERIA
Descriptor Biografía
9 (RLIN) 22
650 ## - PUNTO DE ACCESO ADICIONAL DE MATERIA--TÉRMINO DE MATERIA
Descriptor Historia de Guayaquil
9 (RLIN) 16763
650 ## - PUNTO DE ACCESO ADICIONAL DE MATERIA--TÉRMINO DE MATERIA
Descriptor Historia ecuatoriana
9 (RLIN) 15583
942 ## - ELEMENTOS DE PUNTO DE ACCESO ADICIONAL (KOHA)
Fuente de clasificación
Tipo de item Libros-BMC
945 ## - PROCESAMIENTO DE INFORMACIÓN LOCAL (OCLC)
Catalogador rah
Holdings
Estado de retiro (separado) Fuente de clasificación o esquema de estanterías Estado dañado Ubicación Sala donde se ubica Nombre de la colección Fecha de adquisición o compra Costo, precio normal en soles Signatura topográfica Código de Barras Última vez visto (Koha) Tipo de ítem (Koha)
No     Sala Humanidades Sala Humanidades Book Cart 2019-03-13 5.00 986.2 / R936 / n.32 SH0000006673 2019-03-13 Libros-BMC

Powered by Koha